000 00935nam a2200289Ia 4500
001 Para_7751
003 CHAP
008 220125s9999 xx 000 0 und d
010 _a206587
040 _cCHAP
082 _aPA-C 595.77 D5
100 _aVan Duzee, M.C.
_9171350
245 _aA revision of the North American species of the genus argyra macquart, two-winged flies of the family dolichopodidae /
_c by M.C. Van Duzee
300 _a42 p.
440 _aDíptera; 3
_9171351
500 _aSobretiro de: Proceedings U.S. National Museum 66 (2560): 1-42. Encuadernado con otros impresos similares
650 _aArgyra
_9172875
650 _aDípteros
_x colecciones de escritos
_933718
650 _aDolichopodidae
_9172876
901 _aPA-C 595.77 D5
902 _aA
905 _a000000 f 0000000000 00
910 _a
942 _cPARA
942 _cPARA
_d1
999 _c206587
_d206587